| 000 | 01246nam0a2200301 i 4500 | ||
|---|---|---|---|
| 001 | RU\NLR\bibl\1997587 | ||
| 005 | 20240921175119.0 | ||
| 010 | _a9785888124819 | ||
| 035 | _a(NLR Aleph) 001985962 | ||
| 090 |
_a4157036 _c4157036 |
||
| 100 | _a20120806d2012 k y0rusy50 ca | ||
| 101 | 0 | _arus | |
| 102 | _aRU | ||
| 105 | _aa ||||||||| | ||
| 200 | 1 |
_aРоссийские государственные деятели и русский миф _e[очерки] _fП. А. Сапронов _gРус. христиан. гуманит. акад. |
|
| 210 |
_aСанкт-Петербург _cИзд-во Русской христианской гуманитарной академии _d2012 |
||
| 215 |
_a444, [2] с. _cил., портр. _d22 |
||
| 320 | _aБиблиогр. в подстроч. примеч. | ||
| 606 | 1 |
_aГосударственные и политические деятели _yРоссия _z17 - 20 вв. _92288987 _3RU\NLR\auth\661370967 |
|
| 686 | _aТ3(2)0-8 | ||
| 700 | 1 |
_aСапронов _bП. А. _gПетр Александрович _4070 |
|
| 801 | 0 |
_aRU _bNLR _c20120806 _gRCR |
|
| 801 | 1 |
_aRU _bNLR _c20120806 |
|
| 830 | _aавт. по кн. | ||
| 942 | _cBOOK | ||
| 980 | _aNBR | ||